|
|
|
|
| LEADER |
00738nam a2200169Ia 4500 |
| 008 |
121027s9999 xx 000 0 eng d |
| 020 |
|
|
|a 0199201420
|
| 082 |
|
|
|a 297.1227
|b ALT/C
|
| 100 |
|
|
|a Al-Tabari,Abu Jafar Muhammad B. Jarir
|
| 245 |
|
|
|a Commentary on the Quran /
|c Abu Jafar Muhammad B. Jarir Al-Tabari
|
| 260 |
|
|
|a Oxford :
|b Oxford University Press ,
|c 1987.
|
| 300 |
|
|
|a 492p.;
|c 24cm.
|
| 650 |
|
|
|a Koran
|x criticism,interpretations,etc.
|
| 942 |
|
|
|c BK
|
| 999 |
|
|
|c 40031
|d 40031
|
| 952 |
|
|
|0 0
|1 0
|4 0
|6 297_122700000000000_ALT_C_1
|7 0
|9 40028
|a UL
|b UL
|c ST2
|d 1998-08-28
|h v.1
|l 0
|o 297.1227 ALT/C.1
|p 58115
|r 2012-10-27
|y BK
|
| 952 |
|
|
|0 0
|1 0
|4 0
|6 297_122700000000000_ALT_C_1
|7 0
|9 40102
|a UL
|b UL
|c ST2
|d 1998-08-28
|h v.1
|l 0
|o 297.1227 ALT/C.1
|p 58189
|r 2012-10-27
|y BK
|